| 000 | 00465nam a2200181Ia 4500 | ||
|---|---|---|---|
| 008 | 230917s9999||||xx |||||||||||||| ||und|| | ||
| 020 | _cRS650 | ||
| 040 |
_e237765 _aMAIN |
||
| 041 | _aEnglish | ||
| 082 | _a330.1543 H851M(3) | ||
| 100 | _aHoy, Michael | ||
| 245 | 0 | _aMathematics for economics | |
| 250 | _a3rd ed. | ||
| 260 |
_aDelhi _bPHI Learning _c2014 |
||
| 300 | _axiv, 959 p. | ||
| 500 | _a2600 06/02/2017 KB17/387 20/02/2017 Main Budget | ||
| 942 | _cBK | ||
| 999 |
_c21268 _d21268 |
||